[Event "GRE-chT2 48th"]
[Site "Thessaloniki"]
[Date "2021.10.07"]
[Round "4.5"]
[White "Mihtis, Theodoros"]
[Black "Cheiladakis, Vasileios"]
[Result "1/2-1/2"]
[WhiteElo "1690"]
[BlackElo "1586"]
[PlyCount "119"]
[EventDate "2021.10.05"]
[EventType "team-swiss"]
[EventRounds "7"]
[EventCountry "GRE"]
[SourceTitle "CBM 204 Extra"]
[Source "ChessBase"]
[SourceDate "2021.11.30"]
[SourceVersion "1"]
[SourceVersionDate "2021.11.30"]
[SourceQuality "1"]
[WhiteTeam "Florinas"]
[BlackTeam "Kalamarias Han"]
[WhiteTeamCountry "GRE"]
[BlackTeamCountry "GRE"]

1. Nf3 Nf6 2. g3 g6 3. Bg2 Bg7 4. 0-0 0-0 5. c4 Re8 6. Qc2 e5 7. d3 d6 8. Nbd2 Nbd7 9. b3 e4 10. dxe4 Nxe4 11. Bb2 Bxb2 12. Qxb2 Qf6 13. Qxf6 Ndxf6 14. Rfe1 Bf5 15. h3 h5 16. Nf1 Bd7 17. Rac1 a5 18. Nd4 c6 19. Rc2 Kg7 20. f3 Nc5 21. e4 Nd3 22. Rd1 Nb4 23. Rcd2 d5 24. cxd5 cxd5 25. Ne2 dxe4 26. Rxd7 Nxd7 27. Rxd7 exf3 28. Bxf3 Nxa2 29. Nf4 Nc3 30. Rxb7 Rab8 31. Ra7 Rxb3 32. Rxa5 Rb1 33. Rc5 Re3 34. Bg2 Rxg3 35. Kf2 Na4 36. Rc7 Rc3 37. Ra7 Rb2+ 38. Kg1 Nb6 39. h4 Rb4 40. Ne6+ Kg8 41. Ng5 Rxh4 42. Nxf7 Rf4 43. Ng5 Rg4 44. Ne4 Rc6 45. Nf2 Rg5 46. Nh3 Rg4 47. Ne3 Rc1+ 48. Kh2 Rd4 49. Ra6 Rb1 50. Nf2 Ra4 51. Rxa4 Nxa4 52. Kg3 Rg1 53. Nh3 Rxg2+ 54. Kxg2 Kg7 55. Kg3 Nc3 56. Kf4 Kf6 57. Kf3 g5 58. Nf2 g4+ 59. Nfxg4+ hxg4+ 60. Nxg4+ 1/2-1/2

[Event "GRE-ch Online Blitz op 1st"]
[Site "Tornelo INT"]
[Date "2021.02.07"]
[Round "7"]
[White "Kiryttopoulos, Panagiotis Aris"]
[Black "Cheiladakis, Vasileios"]
[Result "0-1"]
[WhiteElo "1206"]
[BlackElo "1525"]
[PlyCount "56"]
[EventDate "2021.02.07"]
[EventType "swiss (blitz)"]
[EventRounds "16"]
[EventCountry "GRE"]
[SourceTitle "EXT 2023"]
[Source "ChessBase"]
[SourceDate "2022.10.05"]
[SourceVersion "1"]
[SourceVersionDate "2022.10.05"]
[SourceQuality "1"]

1. d4 Nf6 2. Nf3 d5 3. Bg5 Bf5 4. Bxf6 exf6 5. e3 c6 6. Bd3 Bxd3 7. Qxd3 Bd6 8. 0-0 0-0 9. Nbd2 Nd7 10. c4 Re8 11. cxd5 cxd5 12. e4 dxe4 13. Nxe4 Bc7 14. Rac1 Nb6 15. Rfd1 Nd5 16. Nc3 Nf4 17. Qc4 Rc8 18. Qb3 Qd7 19. g3 Qg4 20. Nh4 Qh3 21. Re1 g5 22. Rxe8+ Rxe8 23. Qxb7 gxh4 24. gxf4 Bxf4 25. Rd1 Qg4+ 26. Kh1 h3 27. Rg1 Qxg1+ 28. Kxg1 Re1# 0-1

[Event "GRE-ch North U08/14"]
[Site "Thessaloniki"]
[Date "2020.09.01"]
[Round "9"]
[White "Karamichos, Michail"]
[Black "Cheiladakis, Vasileios"]
[Result "1/2-1/2"]
[WhiteElo "1686"]
[BlackElo "1605"]
[PlyCount "34"]
[EventDate "2020.08.26"]
[EventType "swiss"]
[EventRounds "9"]
[EventCountry "GRE"]
[SourceTitle "EXT 2023"]
[Source "ChessBase"]
[SourceDate "2022.10.05"]
[SourceVersion "1"]
[SourceVersionDate "2022.10.05"]
[SourceQuality "1"]

1. e4 e5 2. Nf3 Nc6 3. Bb5 a6 4. Ba4 Nf6 5. d3 b5 6. Bb3 d6 7. c3 Be7 8. 0-0 0-0 9. Nbd2 Re8 10. Re1 Bb7 11. Nf1 Na5 12. Bc2 c5 13. Ng3 Nc6 14. Bb3 Na5 15. Bc2 Nc6 16. Bb3 Na5 17. Bc2 Nc6 1/2-1/2

[Event "Thessaloniki/Chalkidiki-chT"]
[Site "Thessaloniki/Chalkidiki"]
[Date "2019.02.17"]
[Round "5.10"]
[White "Fotiadis, Alexandros"]
[Black "Cheiladakis, Vasileios"]
[Result "0-1"]
[WhiteElo "1249"]
[BlackElo "1376"]
[PlyCount "74"]
[EventDate "2019.01.13"]
[EventType "team-tourn"]
[EventRounds "9"]
[EventCountry "GRE"]
[SourceTitle "EXT 2020"]
[Source "ChessBase"]
[SourceDate "2019.10.17"]
[SourceVersion "1"]
[SourceVersionDate "2019.10.17"]
[SourceQuality "1"]
[WhiteTeam "Papafi Chronikos"]
[BlackTeam "Kalamarias Han"]
[WhiteTeamCountry "GRE"]
[BlackTeamCountry "GRE"]

1. d4 Nf6 2. c4 e6 3. Nc3 Bb4 4. Nf3 0-0 5. Bg5 d5 6. e3 h6 7. Bxf6 Qxf6 8. a3 Bxc3+ 9. bxc3 c5 10. cxd5 exd5 11. Bd3 Nc6 12. h3 Re8 13. 0-0 c4 14. Bc2 a6 15. a4 Na5 16. Ne5 Bf5 17. f3 Bxc2 18. Qxc2 Qe6 19. Rfe1 Nb3 20. Rad1 b5 21. axb5 axb5 22. e4 Re7 23. exd5 Qxd5 24. Qe4 Qd8 25. Qc6 Qe8 26. Qd5 Rd8 27. Qe4 f6 28. Qh4 fxe5 29. d5 Red7 30. Qe4 Nc5 31. Qxe5 Qxe5 32. Rxe5 Nd3 33. Re6 Rxd5 34. Ra1 Nc5 35. Re7 Rd1+ 36. Re1 Rxa1 37. Rxa1 Na4 0-1

[Event "Thessaloniki/Chalkidiki-chT"]
[Site "Thessaloniki/Chalkidiki"]
[Date "2019.01.13"]
[Round "1.10"]
[White "Cheiladakis, Vasileios"]
[Black "Kalogridis, Themistoklis"]
[Result "1-0"]
[WhiteElo "1376"]
[BlackElo "1303"]
[PlyCount "85"]
[EventDate "2019.01.13"]
[EventType "team-tourn"]
[EventRounds "9"]
[EventCountry "GRE"]
[SourceTitle "EXT 2020"]
[Source "ChessBase"]
[SourceDate "2019.10.17"]
[SourceVersion "1"]
[SourceVersionDate "2019.10.17"]
[SourceQuality "1"]
[WhiteTeam "Kalamarias Han"]
[BlackTeam "Keravnos MAPO"]
[WhiteTeamCountry "GRE"]
[BlackTeamCountry "GRE"]

1. e4 Nf6 2. e5 Nd5 3. c4 Nb6 4. d4 d6 5. exd6 exd6 6. Nc3 Be7 7. Bd3 0-0 8. Nf3 Bf6 9. 0-0 Nc6 10. h3 Re8 11. Be3 d5 12. c5 Nc4 13. Bxc4 dxc4 14. Qa4 Be6 15. Rfd1 Ne7 16. Nd2 Nf5 17. Nxc4 Bxc4 18. Qxc4 Nxe3 19. fxe3 Rxe3 20. Nd5 Re4 21. Nxf6+ Qxf6 22. Qd5 Rae8 23. Qxb7 Re2 24. Qf3 Qxf3 25. gxf3 f6 26. b3 R8e3 27. Rf1 Rd2 28. Rae1 Rxe1 29. Rxe1 Rxd4 30. Re7 Rd2 31. a4 Rd3 32. Rxc7 Rxb3 33. Rxa7 Rc3 34. Rc7 Ra3 35. c6 Rxa4 36. Rd7 h6 37. c7 Rc4 38. Rd8+ Kf7 39. c8Q Rxc8 40. Rxc8 g5 41. Kg2 Kg6 42. Kg3 Kh5 43. f4 1-0